Théâtre (notice n° 1618094)
[ vue normale ]
| 000 -LEADER | |
|---|---|
| fixed length control field | 00751cam a2200157 4500500 |
| 005 - DATE AND TIME OF LATEST TRANSACTION | |
| control field | 20260111085355.0 |
| 041 ## - LANGUAGE CODE | |
| Language code of text/sound track or separate title | fre |
| 042 ## - AUTHENTICATION CODE | |
| Authentication code | dc |
| 100 10 - MAIN ENTRY--PERSONAL NAME | |
| Personal name | Mambrino, Jean |
| Relator term | author |
| 245 00 - TITLE STATEMENT | |
| Title | Théâtre |
| 260 ## - PUBLICATION, DISTRIBUTION, ETC. | |
| Date of publication, distribution, etc. | 2004.<br/> |
| 500 ## - GENERAL NOTE | |
| General note | 100 |
| 520 ## - SUMMARY, ETC. | |
| Summary, etc. | RésuméL’art contemporain est-il une machine de guerre destinée à en finir avec la peinture ? Nombre d’amateurs d’art sincères se posent cette question avec angoisse. Ils ont le sentiment qu’un esprit malin est sur le point de les priver de ce qu’ils aiment et de faire de cet attachement une faute de goût. |
| 786 0# - DATA SOURCE ENTRY | |
| Note | Études | 400 | 2 | 2004-02-01 | p. 237-240 | 0014-1941 |
| 856 41 - ELECTRONIC LOCATION AND ACCESS | |
| Uniform Resource Identifier | <a href="https://shs.cairn.info/revue-etudes-2004-2-page-237?lang=fr&redirect-ssocas=7080">https://shs.cairn.info/revue-etudes-2004-2-page-237?lang=fr&redirect-ssocas=7080</a> |
Pas d'exemplaire disponible.




Réseaux sociaux